| 000 | 00773nam a2200253Ia 4500 | ||
|---|---|---|---|
| 003 | OSt | ||
| 005 | 20221005091842.0 | ||
| 006 | a|||||r|||| 00| 0 | ||
| 007 | ta | ||
| 008 | 221004b |||||||| |||| 00| 0 eng d | ||
| 020 |
_a9780820478883 (pbk) _c1306.13 |
||
| 024 | _a89114 | ||
| 037 |
_b274, 30/01/2008, Bhartiya Sahitya Bhawan _cTextual |
||
| 040 |
_aCRL _cCRL _beng |
||
| 041 |
_2eng _aeng |
||
| 082 | _aY7:47, P7 | ||
| 100 |
_aSaha Santash C Ed. _9616624 |
||
| 245 | 0 | _aPolitics of ethmicity and national identity | |
| 260 |
_aNew York _bPeter Lang U.S.A _c2007 |
||
| 300 |
_aviii, 188p. _ccm. |
||
| 650 | _aSOCIOLOGY | ||
| 942 |
_hY7:47, P7 _cTEXL _2cc |
||
| 999 |
_c997895 _d997895 |
||